| 000 | 00425nam a2200181Ia 4500 | ||
|---|---|---|---|
| 005 | 20240823062922.0 | ||
| 008 | 240823s9999||||xx |||||||||||||| ||und|| | ||
| 082 | _A657.42 N6 | ||
| 100 | _aPillai R S N | ||
| 245 | 0 | _aCOST ACCOUNTING | |
| 250 | _a1st | ||
| 260 |
_c1996 _b"S.Chand,New Delhi" |
||
| 500 | _aYES | ||
| 650 |
_aManagement _bManagement Studies |
||
| 700 | _a Bhagavathi V | ||
| 942 | _cBK | ||
| 999 |
_c237019 _d237019 |
||